Mantenimiento correctivo y preventivo de 3 maquinas termo nebulizadoras portátiles de la UCSFI San Rafael y elaboración del manual de procedimientos para el mantenimiento y operación de los mismos en aplicación de nieblas para el control del mosquito AEDES AEGIPTY (Registro nro. 26349)

Detalles MARC
000 -CABECERA
Longitud fija campo de control 01133nam a22002177a 4500
003 - IDENTIFICADOR DELl NÚMERO DE CONTROL
Identificador del número de control OSt
005 - FECHA Y HORA DE LA ÚLTIMA TRANSACCIÓN
Fecha y hora de la última transacción 20180705101208.0
008 - CÓDIGOS DE INFORMACIÓN DE LONGITUD FIJA
Códigos de información de longitud fija 150408b2016 slv spa
040 ## - FUENTE DE LA CATALOGACIÓN
Centro transcriptor BMC
082 ## - NÚMERO DE LA CLASIFICACIÓN DECIMAL DEWEY
Númeroo de clasificación 670.42
100 1# - PUNTO DE ACCESO PRINCIPAL-NOMBRE DE PERSONA
9 (RLIN) 40251
Nombre de persona Zaldívar Martínez, Luis Ernesto
245 10 - MENCIÓN DE TÍTULO
Título Mantenimiento correctivo y preventivo de 3 maquinas termo nebulizadoras portátiles de la UCSFI San Rafael y elaboración del manual de procedimientos para el mantenimiento y operación de los mismos en aplicación de nieblas para el control del mosquito AEDES AEGIPTY
Resto del título : Informe final de proyecto
Mención de responsabilidad, etc. Luis Ernesto Zaldívar Martínez
260 ## - PUBLICACIÓN, DISTRIBUCIÓN, ETC. (PIE DE IMPRENTA)
Lugar de publicación, distribución, etc. Santa Ana (El Salvador)
Nombre del editor, distribuidor, etc. Universidad Católica de El Salvador
Fecha de publicación, distribución, etc. 2016
300 ## - DESCRIPCIÓN FÍSICA
Extensión 117 h.
Otras características físicas il. col
Dimensiones 28 cm
Material anejo + 1 disco compacto
500 ## - NOTA GENERAL
Nota general Precede al tít.: Universidad Católica de El Salvador, Facultad de Ingeniería y Arquitectura
502 ## - NOTA DE TESIS
Nota de tesis Para optar al título de: Ingeniero Industrial
650 24 - PUNTO DE ACCESO ADICIONAL DE MATERIA - TÉRMINO DE MATERIA
9 (RLIN) 19919
Término de materia o nombre geográfico como elemento inicial Ingeniería industrial
650 24 - PUNTO DE ACCESO ADICIONAL DE MATERIA - TÉRMINO DE MATERIA
9 (RLIN) 4331
Término de materia o nombre geográfico como elemento inicial Seguridad industrial
710 2# - PUNTO DE ACCESO ADICIONAL - NOMBRE DE ENTIDAD
9 (RLIN) 1166
Nombre de entidad o nombre de jurisdicción como elemento inicial Universidad Católica de El Salvador
Unidad subordinada Facultad de Ingeniería y Arquitectura
942 ## - ENTRADA DE ELEMENTOS AGREGADOS (KOHA)
Fuente de clasificaión o esquema Dewey Decimal Classification
Koha [por defecto] tipo de item 4- Trabajo de Graduación
Existencias
Suprimido Perdido Fuente de clasificación o esquema Estropeado Restricciones de uso No para préstamo Código de colección Localización permanente Localización actual Localización en estanter&íacute;as Fecha adquisición Fuente de adquisición Número de inventario Préstamos totales Signatura completa Código de barras Fecha última consulta Fecha del precio de reemplazo Tipo de item de Koha
NULL NULL Dewey Decimal Classification NULL Prestable NULL NULL Biblioteca Miguel de Cervantes - UNICAES Biblioteca Miguel de Cervantes - UNICAES Sala Principal 11/10/2016 Donación - Luis Ernesto Zaldívar Martínez 002407   P-002407 1039333 31/10/2016 31/10/2016 4- Trabajo de Graduación